| 000 | 00494nam a22001817a 4500 | ||
|---|---|---|---|
| 003 | NUST - PNEC | ||
| 005 | 20170116180808.0 | ||
| 008 | 150423b xxu||||| |||| 00| 0 eng d | ||
| 020 | _a0333236092 | ||
| 040 | _cLIBRARY | ||
| 082 | _a358.4 FEU | ||
| 100 |
_93123 _aFeuchtwanger, E. J. |
||
| 245 |
_aAir power in the next generation _cEdgar Feuchtwanger |
||
| 260 |
_aLondon : _bMacmillan Press Ltd ; _cc1979. |
||
| 300 | _a151 p. : | ||
| 650 |
_93124 _a Air power _xGeneral |
||
| 942 |
_2ddc _cBK |
||
| 999 |
_c63258 _d63258 |
||